000
00283nam a2200121Ia 4500
005
20251222141946.0
008
251222s9999||||xx |||||||||||||| ||spa||
020
_a
84-86314-12-7
082
_a
868.7/A99
100
_a
Azuar Ruiz, Rafael
245
0
_a
Diario Frente al Mar
942
_c
LIB
999
_c
9508
_d
9508